Three plays for puritans / (Record no. 143949)

MARC details
000 -LEADER
campo de control de longitud fija 00699nam a2200205 4500
001 - NÚMERO DE CONTROL
campo de control 143949
003 - IDENTIFICADOR DE NÚMERO DE CONTROL
campo de control ES-MaACL
005 - FECHA Y HORA DE LA ÚLTIMA TRANSACCIÓN
campo de control 20230906200919.0
007 - CAMPO FIJO DE DESCRIPCIÓN FÍSICA--INFORMACIÓN GENERAL
campo de control de longitud fija t|
008 - DATOS DE LONGITUD FIJA--INFORMACIÓN GENERAL
campo de control de longitud fija 070214s1906 xxk r ||||1| eng d
100 1# - ENTRADA PRINCIPAL--NOMBRE DE PERSONA
Nombre de persona Shaw, Bernard.
9 (RLIN) 106025
245 10 - MENCIÓN DEL TÍTULO
Título Three plays for puritans /
Mención de responsabilidad, etc. Bernard Shaw.
260 ## - PUBLICACIÓN, DISTRIBUCIÓN, ETC.
Lugar de publicación, distribución, etc. London :
Nombre del editor, distribuidor, etc. Archibald Constable and Co.,
Fecha de publicación, distribución, etc. 1906 (
Lugar de fabricación/manufactura Edinburgh :
Fabricante R. R. Clark)
300 ## - DESCRIPCIÓN FÍSICA
Extensión XXXVII, 303 p., 1 lám.
500 ## - NOTA GENERAL
Nota general Contiene: The Devils's disciple ------ Caesar and Cleopatra ----- Captain Brassbound's conversion.
740 0# - ENTRADA AGREGADA--TÍTULO RELACIONADO/ANALÍTICO NO CONTROLADO
Título relacionado o analítico no controlado The Devils's disciple.
740 0# - ENTRADA AGREGADA--TÍTULO RELACIONADO/ANALÍTICO NO CONTROLADO
Título relacionado o analítico no controlado Caesar and Cleopatra.
740 0# - ENTRADA AGREGADA--TÍTULO RELACIONADO/ANALÍTICO NO CONTROLADO
Título relacionado o analítico no controlado Captain Brassbound's conversion.
852 ## - LOCALIZACIÓN
Ubicación ES-MaACL
Número de control de estantería G-10340
Holdings
Estatus retirado Estado de pérdida Estado de daño No para préstamo Biblioteca de origen Biblioteca actual Ubicación en estantería Fecha de adquisición Fuente de adquisición Total de préstamos Signatura topográfica completa Código de barras Visto por última vez Precio de reemplazo Tipo de ítem Koha
        Biblioteca del Ateneo de Madrid Biblioteca del Ateneo de Madrid Sala Pecera Planta 3 17/01/2008     G-10340 1149768 23/02/2023 23/02/2023 Libro impreso